000 01083nam a22003137a 4500
003 CHAP
005 20240408105508.0
008 971013s1984 r 00010 d
010 _a12187
011 _a13159
035 _a17230
040 _cCHAP
090 _aTesis
100 1 0 _aCarrillo Espinosa, Guillermo
_919474
245 _aElaboración de una tabla de producción empírica para rodales de Pinus montezumae Lamb.
_b: en el CEF San Juan Tecla, Puebla
260 _aChapingo, Méx. :
_bEl autor,
_c1984
300 _a82 h.
_b: gráfs.
502 _aTesis (Ing. Agr. Esp. en Bosques) -- UACH. Departamento de Bosques
590 _aALEPH
_b10
_c20130110
_lUCH01
_h1231
590 _aBATCH-UPD
_b10
_c20130110
_lUCH01
_h1532
590 _aBATCH-UPD
_b10
_c20130410
_lUCH01
_h0938
590 _aBATCH-UPD
_b10
_c20130914
_lUCH01
_h0853
590 _aCONVERSION
_b10
_c20130109
_lUCH01
_h1308
650 1 4 _aPinus montezumae.
_988352
650 1 4 _aTablas de volúmenes y rendimientos.
_9111296
901 _aBK
942 _cTESIS
949 _bBC
_cTES
_d-40824
_eTS1
_h19877
_i17230
_si
999 _c12187
_d12187